000 01039nam a2200397Ia 4500
001 4280
005 20240113233726.0
007 ta
008 050610s1991 g b000 u asm u
020 _cRs.40.00 (PB)
040 _aCotton College,Assam
041 _aasm
082 _a891.37
_bDa 26 Pa
100 _aDas, Prasannaram.
245 0 _aPali Prakrit Bhasa Aru Sahitya /
_cPrasanna Ram Das.
_hTextual Documents
250 _a1st ed. /
260 _aGuwahati :
_bBina Library ,
_c1991.
300 _a301p. ;
_c22cm.
365 _aRs.40.00
440 _aRs.40.00,
490 _aRs.40.00,
653 _aAssamese Liturature-Pali Prakrit
653 _aPali Literature
653 _aPrakrit Literature
653 _aPali Language
653 _aPrakrit Language
653 _aAssamese Essays-Pali Prakrit
653 _aPG-Assamese
653 _aMS-Assamese
942 _2ddc
_cBK
999 _c4267
_d4267